Statistics for Dates of Historical Events #2

Click here to take the quiz!

General Stats

  • This quiz has been taken 110 times
  • The average score is 8 of 15

Answer Stats

Historical EventYear% Correct
Beginning of WW11914
99%
End of WW11918
97%
Peace of Versailles1919
74%
American Civil War1861-1865
73%
Beginning of the French Revolution1789
70%
Coronation of Napoleon1804
68%
Establishment of the German Empire1871
49%
Congress of Vienna1814-1815
48%
Coronation of Queen Victoria1838
42%
19th Century German Revolution1848-1849
35%
Berlin Conference / Congo Conference1884-1885
32%
Peace of Westphalia1648
30%
Declaration of Brazilian Independence1822
26%
Fragmentation of the Mongolian Empire1259
10%
Establishment of the Mongolian Empire1206
9%

Score Distribution

Percentile by Number Answered

Percent of People with Each Score

Your Score History

You have not taken this quiz